La américa hispanohablante: unidad y diferenciación del castellano
Furkejuvvon:
| Váldodahkki: | |
|---|---|
| Materiálatiipa: | Girji |
| Giella: | espánnjágiella |
| Almmustuhtton: |
Madrid
Istmo
1966
|
| Ráidu: | Fundamentos, 3
|
| Fáttát: | |
| Fáddágilkorat: |
Lasit fáddágilkoriid
Eai fáddágilkorat, Lasit vuosttaš fáddágilkora!
|
MARC
| LEADER | 00000nam a2200000 a 4500 | ||
|---|---|---|---|
| 001 | UCO4709 | ||
| 003 | CL-VaPUC | ||
| 008 | 000811e19660000SP |||||||||||||||||spa|d | ||
| 082 | 0 | 4 | |a 460.9 |b MAL |2 21 |
| 100 | |a Malmberg, Bertil |e autor |9 469144 | ||
| 245 | 1 | 3 | |a La américa hispanohablante: unidad y diferenciación del castellano |
| 300 | |a 317 p | ||
| 942 | |c BK | ||
| 945 | |d 20000811 00:00:00 |a crobeson | ||
| 260 | |a Madrid |b Istmo |c 1966 | ||
| 650 | 0 | |a Lingüística española |9 353524 | |
| 650 | 7 | |a ESPAÑOL HISTORIA |2 CL-VaPUC |9 316494 | |
| 651 | 0 | |a España |9 254926 | |
| 651 | 0 | |a América |9 255182 | |
| 583 | |a last modification |c 20000811 00:00:00 |k Rodrigo Vera | ||
| 490 | 0 | |a Fundamentos, 3 | |
| 999 | |c 290713 |d 290711 | ||
| 952 | |0 0 |1 0 |4 0 |6 460_900000000000000_MAL_1966 |7 0 |8 A |9 340270 |a BIBART |b BIBART |d 2019-11-20 |i 1214969 |o 460.9 MAL 1966 |p 1214969 |r 2025-03-13 |w 2019-11-20 |y BK |k ART | ||